000 00574nam a2200241Ia 4500
003 OSt
005 20221005115432.0
006 a|||||r|||| 00| 0
007 ta
008 221004b |||||||| |||| 00| 0 eng d
024 _a40694
037 _cTextual
040 _aCRL
_cCRL
_beng
041 _2eng
_aeng
082 _aO156,3NME,4, K5
100 _aMehata
245 0 _aChand chakar
260 _c1976
300 _a283p.
_ccm.
650 _aGUJRATI LITERATURE
942 _hO156,3NME,4, K5
_cTEXL
_2cc
999 _c1034827
_d1034827